000 00290nam a22001337a 4500
008 170717b xxu||||| |||| 00| 0 eng d
020 _a9780801854835
041 _aeng
080 _a2
100 _a24
101 _aTEO
245 _aARCHAIC ROMAN RELIGION
_cDUMEZIL, G
942 _2udc
_cBK
999 _c21356
_d21356